[Event "Outaouais op (TORO)"]
[Site "Gatineau"]
[Date "2015.06.07"]
[Round "5"]
[White "Fourouzandeh, Ehsan"]
[Black "Potvin, Daniel"]
[Result "0-1"]
[WhiteElo "1691"]
[BlackElo "1632"]
[PlyCount "60"]
[EventDate "2015.06.05"]
[EventType "swiss"]
[EventRounds "5"]
[EventCountry "CAN"]
[SourceTitle "EXT 2019"]
[Source "ChessBase"]
[SourceDate "2018.10.10"]
[SourceVersion "1"]
[SourceVersionDate "2018.10.10"]
[SourceQuality "1"]

1. d4 b6 2. Nf3 Bb7 3. Bf4 e6 4. e3 Nf6 5. Nbd2 c5 6. dxc5 Bxc5 7. Bd3 0-0 8. Nb3 Be7 9. 0-0 Nc6 10. a3 Nh5 11. h3 Nxf4 12. exf4 Qc7 13. f5 Bf6 14. Rb1 Rad8 15. Re1 e5 16. c4 d5 17. cxd5 Rxd5 18. Qc2 Qd7 19. Be4 Rd6 20. Nfd2 Rc8 21. Bxc6 Bxc6 22. Rbc1 Bb7 23. Qb1 Rdc6 24. Ne4 Qxf5 25. Nxf6+ Qxf6 26. Rxc6 Rxc6 27. Qe4 Kf8 28. Nd2 Qf4 29. Qd5 Qd4 30. Rxe5 Rc1+ 0-1

[Event "Outaouais op (TORO)"]
[Site "Gatineau"]
[Date "2015.06.06"]
[Round "3"]
[White "Kuriliw, Ray"]
[Black "Fourouzandeh, Ehsan"]
[Result "1-0"]
[WhiteElo "1992"]
[BlackElo "1691"]
[PlyCount "27"]
[EventDate "2015.06.05"]
[EventType "swiss"]
[EventRounds "5"]
[EventCountry "CAN"]
[SourceTitle "EXT 2019"]
[Source "ChessBase"]
[SourceDate "2018.10.10"]
[SourceVersion "1"]
[SourceVersionDate "2018.10.10"]
[SourceQuality "1"]

1. d4 Nf6 2. c4 e6 3. Nc3 d5 4. e3 Nc6 5. Nf3 Be7 6. a3 a5 7. b3 0-0 8. Bb2 b6 9. Qc2 Bb7 10. cxd5 exd5 11. Bd3 Ba6 12. Bxa6 Rxa6 13. Nb5 Qd7 14. Rc1 1-0

[Event "Outaouais op (TORO)"]
[Site "Gatineau"]
[Date "2015.06.05"]
[Round "1"]
[White "Fourouzandeh, Ehsan"]
[Black "Valdizon, Armando"]
[Result "0-1"]
[WhiteElo "1691"]
[BlackElo "2223"]
[PlyCount "60"]
[EventDate "2015.06.05"]
[EventType "swiss"]
[EventRounds "5"]
[EventCountry "CAN"]
[SourceTitle "EXT 2019"]
[Source "ChessBase"]
[SourceDate "2018.10.10"]
[SourceVersion "1"]
[SourceVersionDate "2018.10.10"]
[SourceQuality "1"]

1. e4 c5 2. Nc3 Nc6 3. Nf3 d6 4. Bb5 a6 5. Bxc6+ bxc6 6. h3 e5 7. d3 Rb8 8. 0-0 h6 9. b3 g6 10. Qe2 Bg7 11. Bb2 Nf6 12. Nd1 Nh5 13. Bc1 0-0 14. Rb1 Re8 15. Nh2 Be6 16. c4 Nf4 17. Bxf4 exf4 18. Nf3 g5 19. Qd2 Qf6 20. Nh2 h5 21. g4 Qh6 22. f3 Bd4+ 23. Kg2 Kg7 24. Nf2 Rh8 25. Rh1 hxg4 26. Nhxg4 Qh4 27. Kf1 Qg3 28. Qe2 Bxg4 29. hxg4 Rxh1+ 30. Nxh1 Qg1# 0-1

[Event "Gatineau op-B"]
[Site "Gatineau"]
[Date "2015.03.??"]
[Round "5"]
[White "Fourouzandeh, Ehsan"]
[Black "Perkins, Simon"]
[Result "1/2-1/2"]
[WhiteElo "1683"]
[BlackElo "1677"]
[PlyCount "63"]
[EventDate "2015.03.07"]
[EventType "swiss"]
[EventRounds "5"]
[EventCountry "CAN"]
[SourceTitle "EXT 2016"]
[Source "ChessBase"]
[SourceDate "2015.10.08"]
[SourceVersion "1"]
[SourceVersionDate "2015.10.08"]
[SourceQuality "1"]

1. e4 d5 2. exd5 Qxd5 3. Nc3 Qd6 4. d4 Nf6 5. Nf3 c6 6. Be2 Bg4 7. 0-0 Nbd7 8. h3 Bh5 9. Qd3 e6 10. Be3 Be7 11. a3 0-0 12. Qd2 Qc7 13. Bf4 Bd6 14. Bxd6 Qxd6 15. Rad1 Rfd8 16. Rfe1 Qc7 17. Qg5 Bxf3 18. Bxf3 h6 19. Qe3 Nb6 20. Be2 Nbd5 21. Nxd5 exd5 22. Bd3 Re8 23. Qd2 Qd7 24. Re5 Re7 25. Rde1 Rae8 26. c3 Kf8 27. Qe2 Qd6 28. f4 Nd7 29. Rxe7 Rxe7 30. Qxe7+ Qxe7 31. Rxe7 Kxe7 32. Kf2 1/2-1/2